Étude sur les comtes et vicomtes de Limoges antérieurs a l'an 1000 / (Record no. 157187)

MARC details
000 -LEADER
campo de control de longitud fija 00961nam a22002175i 4500
001 - NÚMERO DE CONTROL
campo de control 157187
003 - IDENTIFICADOR DE NÚMERO DE CONTROL
campo de control ES-MaACL
005 - FECHA Y HORA DE LA ÚLTIMA TRANSACCIÓN
campo de control 20250812063126.0
008 - DATOS DE LONGITUD FIJA--INFORMACIÓN GENERAL
campo de control de longitud fija 990423s1874 fr |||| | fre d
040 ## - FUENTE DE CATALOGACIÓN
Centro catalogador/agencia de origen CCPB | B
Lengua de catalogación spa
Centro/agencia transcriptor CCPB | B
100 1# - ENTRADA PRINCIPAL--NOMBRE DE PERSONA
Nombre de persona Lasteyrie Du Saillant, Robert-Charles,
Títulos y otros términos asociados al nombre Conde de,
Fechas asociadas al nombre 1849-1921
9 (RLIN) 128727
245 10 - MENCIÓN DEL TÍTULO
Título Étude sur les comtes et vicomtes de Limoges antérieurs a l'an 1000 /
Mención de responsabilidad, etc. par Robert de Lasteyrie.
260 ## - PUBLICACIÓN, DISTRIBUCIÓN, ETC.
Lugar de publicación, distribución, etc. Paris :
Nombre del editor, distribuidor, etc. Librairie A. Franck,
Fecha de publicación, distribución, etc. 1874 (
Lugar de fabricación/manufactura Poitiers :
Fabricante Imprimerie de A. Dupré)
300 ## - DESCRIPCIÓN FÍSICA
Extensión 152 p. ;
Dimensiones 24 cm.
490 1# - MENCIÓN DE SERIE
Mención de serie Bibliothéque de l'école des hautes études. Sciences philologiques et historiques ;
Designación de volumen o secuencia fasc. 18
600 14 - PUNTO DE ACCESO ADICIONAL DE MATERIA--NOMBRE DE PERSONA
Nombre de persona Limoges
Títulos y otros términos asociados al nombre Condes de.
9 (RLIN) 146109
600 14 - PUNTO DE ACCESO ADICIONAL DE MATERIA--NOMBRE DE PERSONA
Nombre de persona Limoges
Títulos y otros términos asociados al nombre Vizcondes de.
9 (RLIN) 146110
830 00 - PUNTO DE ACCESO ADICIONAL DE SERIE-TÍTULO UNIFORME
Título uniforme Bibliothèque de l'École des Hautes Études. Sciences historiques et philologiques
Designación de volumen o secuencia fasc. 18
9 (RLIN) 229685
852 ## - LOCALIZACIÓN
Ubicación ES-MaACL
Número de control de estantería C-7562
Nota libre -- Enc. hol.
Holdings
Estatus retirado Estado de pérdida Estado de daño No para préstamo Colección Biblioteca de origen Biblioteca actual Ubicación en estantería Fecha de adquisición Total de préstamos Signatura topográfica completa Código de barras Visto por última vez Precio de reemplazo Tipo de ítem Koha
        Libros del s. XIX Biblioteca del Ateneo de Madrid Biblioteca del Ateneo de Madrid Sala Palomar 17/01/2008   C-7562 1164464 23/02/2023 23/02/2023 Libro impreso antiguo